=LDR 00000nam 2200000 4500 =001 INLIS00000000000110 =005 20260702043538 =020 ##$$a 979-3931-62-0 =082 ##$$a 006.610 =100 1#$$a Mustofa, Bisri =245 1 $$a Tes Kepribadian ( Kunci Sukses Memasuki Dunia Kerja ) /$c Bisri Mustofa =300 ##$$a 160 ; 12x19,5